00474nam a2200121Ia 4500008004100000020002200041100002500063245012400088260004200212300004800254650002700302650002300329200902s9999 xx 000 0 und d a978-621-406-024-5 aSebastian, Evelyn L. cEvelyn L. Sebastian , Risa P. Asuncion , Rodolfo M. Martinez.--aBusiness communication with fundamentals of research / aManila :bMindshapers Co., Inc.c2015 aviii , 194 pages :billustrations ;c26 cm. aBusiness communication aBusiness education